Statistieken voor Noordse Steden met kaart

Klik hier om de quiz te nemen!

Algemene statistieken

  • Deze quiz is 1.274 keer genomen
  • De gemiddelde score is 9 van 12

Antwoorden op de kaart

Antwoorden kleurgecodeerd door een groen-rode schaal op de quizkaart volgens % correct hieronder.
 

Antwoordstatistieken

Antwoord% Correct
Reykjavik
98%
Oslo
94%
Helsinki
91%
Kopenhagen
91%
Stockholm
90%
Bergen
74%
Gotenburg
65%
Aalborg
60%
Hammerfest
56%
Oulu
55%
Visby
52%
Umeå
51%

Scoreverdeling

Percentiel versus Aantal Correcte Antwoorden

Procent van Mensen met Elke Score

Uw Scoregeschiedenis

U heeft deze quiz nog niet genomen